Zwaarst getroffen landen door Coronavirus - Statistieken

Algemene statistieken
  • Deze quiz is 166 keer genomen
    50 sinds de laatste reset
  • De gemiddelde score is 20 van 30
Antwoordstatistieken
Besmettingen Doden Land % Correct
107.511.126 1.169.796 Verenigde Staten
100%
8.610.372 22.992 Nederland
93%
25.912.481 191.012 Italië
89%
22.974.289 399.814 Rusland
89%
13.914.811 121.760 Spanje
89%
40.138.560 167.642 Frankrijk
87%
38.428.685 174.352 Duitsland
85%
7.633.355 334.336 Mexico
85%
37.717.062 704.659 Brazilië
83%
4.802.496 34.376 België
80%
33.803.572 74.694 Japan
78%
24.641.596 228.144 Verenigd Koninkrijk
78%
44.995.588 531.916 India
74%
6.518.138 119.635 Polen
74%
5.595.211 26.957 Portugal
72%
10.057.945 130.527 Argentinië
70%
11.731.399 22.325 Australië
61%
6.101.379 37.089 Griekenland
61%
33.201.796 35.313 Zuid-Korea
61%
6.376.239 142.922 Colombia
59%
5.557.995 112.418 Oekraïne
57%
5.289.095 64.497 Chili
50%
6.812.670 161.894 Indonesië
50%
6.081.287 22.542 Oostenrijk
48%
17.232.066 102.174 Turkije
48%
7.612.9365 146.311 Iran
46%
11.621.840 43.206 Vietnam
39%
5.119.647 37.163 Maleisië
28%
4.830.733 12.585 Israël
22%
10.241.506 19.005 Taiwan
20%
Geen overeenkomende quizzen gevonden
Scoreverdeling
Procent van Mensen met Elke Score
Percentiel versus Aantal Correcte Antwoorden
Uw Scoregeschiedenis
U heeft deze quiz nog niet genomen sinds de laatste reset